000 00424nam a22001697a 4500
003 NUST - PNEC
005 20170116180836.0
008 150805b xxu||||| |||| 00| 0 eng d
020 _a3540206949
040 _cLIBRARY
082 _a530.41 DEL
100 _94956
_aDelerue, C.
245 _aNanostructures : theory and modeling
_cC. Delerue
260 _cc.2004
650 _94957
_aNanostructures
_xME
942 _2ddc
_cBK
999 _c64205
_d64205